02850nam a2200325 i 4500003000900000005001700009007000300026008004100029020001500070040003000085082001300115100006900128240002200197245021600219264005300435300002900488336002700517337003400544338002800578490003900606500037800645520122001023590002702243700005302270700003902323910001402362942001402376952011702390999001702507DO-SdBNP20240624150204.0ta240624s1986 sp 000 j spa d a8472233499 aDO-SdBNPbspacBNPHUerda bH711222 aHoffmann, E.T.A,d1766-1822944252eautorqErnst Theodor Amadeus aSchwester Monika 10aSor Monika :bdocumento filantropínico-filantrópico-físico-psico-erótico del Convento Secular de X. en S... / cE.T.A. Hoffmann ; prólogo de André Pieyre de Mandiargues ; traducción de Jordi Jané 1aBarcelona, España :bTusQuets editores,c1986. a176 páginas, c20 cm. 2rdacontentatextobtxt 2rdamediaasin mediación bn 2rdacarrieravolumenbnc1 aLa sonrisa verticalaEróticav46 aSinopsis de Sor Monika Más de ciento cincuenta años han empleado los filólogos y especialistas alemanes en dilucidar la auténtica paternidad de esta intensa novela erótica, publicada por primera vez en 1815. Por fin, la inmensa mayoría de ellos coincide en otorgársela, de forma definitiva y concluyente, al gran escritor romántico alemán E.T.A. Hoffmann. aPoca gente, en España, ha tenido la suerte de disfrutar de los encantos provocativos de Sor Monika y las monjitas que con ella conviven, y pocos, también, el poder dejarse arrastrar por la imaginación y la fantasía desbordantes que emanan de cada página de este libro. Y es que, además de la teología, la música o el humanismo presentes en el libro, componentes característicos de la personalidad de E.T.A. Hoffmann, lo que verdaderamente importa, lo que se impone ya desde la primera página, es una alegría, un desenfado que va a impregnar todos y cada uno de los actos de los personajes dotándolos de un trepidante ritmo. Como dice André Pieyre de Mandiargues, el famoso escritor francés, emparentado tan de cerca con la literatura erótica, en el prólogo a esta edición : «Vertiginoso es el tiempo de las novelas rosas, secuencia de cortos momentos de incandescencia en los que se ilumina una hermosa boca entreabierta, hermosos pechos desnudos, un hermoso vientre liso, una hermosa grupa a punto de recibir las vergas, hermosos muslos separados, tan rápidamente y con tantos cambios de manos y de poses que la atención se diluye y de realista no queda estrictamente nada». aInventariado, 2024/ YL1 aPieyre de Mandiargues, Andréeprólogo9526251 aJané, Jordietraducción985772 aYLockward 2ddccLBS1 00102ddc56708GRaBNPHUbBNPHUcCTd2008-06-02eDonación l0oH711p2024-3676r2024-06-24w2024-06-24yLBS1 c56946d56946